Online
Catalog

Pequeño tesoro : (Record no. 45420)

MARC details
000 -CABECERA
campo de control de longitud fija 01618nam a2200301 a 4500
001 - NÚMERO DE CONTROL
campo de control 000045931
005 - FECHA Y HORA DE LA ÚLTIMA TRANSACCIÓN
campo de control 20201002052530.0
008 - DATOS DE LONGITUD FIJA--INFORMACIÓN GENERAL
campo de control de longitud fija 150602s2013 dr a 000 0 spa d
020 ## - NÚMERO INTERNACIONAL ESTÁNDAR DEL LIBRO
ISBN cancelado o inválido 9789945444298 (v. 0)
020 ## - NÚMERO INTERNACIONAL ESTÁNDAR DEL LIBRO
ISBN cancelado o inválido 9789945444301 (v. 1)
020 ## - NÚMERO INTERNACIONAL ESTÁNDAR DEL LIBRO
ISBN cancelado o inválido 9789945444328 (v. 3)
020 ## - NÚMERO INTERNACIONAL ESTÁNDAR DEL LIBRO
ISBN cancelado o inválido 978994544431X (v. 2)
040 ## - FUENTE DE LA CATALOGACIÓN
Centro catalogador/agencia de origen DO-SdBNP
Lengua de catalogación spa
Centro/agencia transcriptor BNPHU
082 ## - NÚMERO DE LA CLASIFICACIÓN DECIMAL DEWEY
Número de clasificación xxxx
Número de documento/Ítem xxxx
100 1# - ENTRADA PRINCIPAL--NOMBRE DE PERSONA
Nombre de persona Cuello del Orbe, Elisa Ysabel
9 (RLIN) 74001
245 10 - MENCIÓN DE TÍTULO
Título Pequeño tesoro :
Resto del título nivel inicial /
Mención de responsabilidad, etc. Elisa Ysabel Cuello del Orbe ; ilustraciones Wi-Hen Fung, Henri Cid ; producción editorial María del Jesús de la Rosa.
260 ## - PUBLICACIÓN, DISTRIBUCIÓN, ETC.
Lugar de publicación, distribución, etc. Santo Domingo :
Nombre del editor, distribuidor, etc. Actualidad escolar 2000,
Fecha de publicación, distribución, etc. 2013.
300 ## - DESCRIPCIÓN FÍSICA
Extensión 4 v. :
Otras características físicas il. ;
Dimensiones 22 cm.
500 ## - NOTA GENERAL
Nota general Libros para niños de 2 a 5 años de edad.
500 ## - NOTA GENERAL
Nota general Comprende un libro de textos para párvulo, pequeño tesoro 0 y tres textos para el nivel inicial.
500 ## - NOTA GENERAL
Nota general El volumen 0 trae el libro de texto y el libro del maestro.
500 ## - NOTA GENERAL
Nota general Los libros de textos Pequeño tesoro 1, 2 y 3 estan acompañados de un módulo de grafomotricidad, un módulo de inglés y el libro del maestro.
505 0# - NOTA DE CONTENIDO CON FORMATO
Información miscelánea v. 0 :
Título Mi entorno escolar --
-- Soy persona, tengo familia --
-- Alimentos, plantas y animales --
-- Mi comunidad local y nacional --
505 0# - NOTA DE CONTENIDO CON FORMATO
Título Mi persona --
-- Mi familia --
-- Mi entorno escolar --
-- Mi comunidad local --
-- Mi comunidad nacional --
-- Los alimentos --
-- Las plantas, los animales y la naturaleza --
-- El planeta tierra y el universo --
700 1# - PUNTO DE ACCESO ADICIONAL--NOMBRE DE PERSONA
Nombre de persona Fung, Wi-Hen
Término indicativo de función/relación il.
9 (RLIN) 73248
700 1# - PUNTO DE ACCESO ADICIONAL--NOMBRE DE PERSONA
Nombre de persona Cid, Henri
Término indicativo de función/relación il.
9 (RLIN) 74002
700 1# - PUNTO DE ACCESO ADICIONAL--NOMBRE DE PERSONA
Nombre de persona Del Jesús de la Rosa, María
Término indicativo de función/relación prod. ed.
9 (RLIN) 73675
Holdings
Estado de retiro Estado de pérdida No para préstamo Código de colección Localización permanente Ubicación/localización actual Ubicación en estantería Fecha de adquisición Número de inventario Total de préstamos Signatura topográfica completa Código de barras Fecha visto por última vez Precio válido a partir de Tipo de ítem Koha
    Excluido de préstamo Patrimonio Dominicano Patrimonio Dominicano Patrimonio Dominicano Depósito 02.06.2015 LF1   xxxx xxxx 45931-10 25.06.2020 25.06.2020 Libro y Folleto Colección Patrimonio Dominicano
      Patrimonio Dominicano Patrimonio Dominicano Patrimonio Dominicano Orden iniciada 02.06.2015 LF1   xxxx xxxx 45932-10 25.06.2020 25.06.2020 Libro y Folleto Colección Patrimonio Dominicano
      Patrimonio Dominicano Patrimonio Dominicano Patrimonio Dominicano Orden iniciada 02.06.2015 LF1   xxxx xxxx 45932-20 25.06.2020 25.06.2020 Libro y Folleto Colección Patrimonio Dominicano
      Patrimonio Dominicano Patrimonio Dominicano Patrimonio Dominicano Orden iniciada 02.06.2015 LF1   xxxx xxxx 45932-30 25.06.2020 25.06.2020 Libro y Folleto Colección Patrimonio Dominicano
      Patrimonio Dominicano Patrimonio Dominicano Patrimonio Dominicano Orden iniciada 02.06.2015 LF1   xxxx xxxx 45932-40 25.06.2020 25.06.2020 Libro y Folleto Colección Patrimonio Dominicano

Powered by Koha